Statistics for Science Fiction Movie Co-Stars

Click here to take the quiz!

General Stats

  • This quiz has been taken 8,527 times
  • The average score is 12 of 20

Answer Stats

StarsMovie or Series% Correct
Harrison Ford, Carrie FisherStar Wars
96%
Tommy Lee Jones, Will SmithMen in Black
94%
Arnold Schwarzenegger,
Linda Hamilton
The Terminator
90%
Michael J. Fox, Christopher LloydBack to the Future
89%
Keanu Reeves, Laurence FishburneThe Matrix
89%
Shia LaBeouf, Megan FoxTransformers
87%
Bill Murray, Dan AykroydGhostbusters
84%
Sigourney Weaver, Paul ReiserAliens
82%
David Duchovny, Gillian AndersonThe X Files
75%
Bruce Willis, Milla JovovichThe Fifth Element
60%
Tom Cruise, Dakota FanningWar of the Worlds
55%
Sigourney Weaver, Sam WorthingtonAvatar
49%
Joseph Gordon-Levitt, Bruce WillisLooper
47%
Carl Weathers, Jessie VenturaPredator
47%
Haley Joel Osment, Jude LawA.I.
40%
Ethan Hawke, Uma ThurmanGattaca
37%
Scarlett Johansson, Ewan McGregorThe Island
37%
Sigourney Weaver, Tim AllenGalaxy Quest
36%
Keanu Reeves, George CarlinBill & Ted
35%
Hugh Jackman, Evangeline LillyReal Steel
16%

Score Distribution

Percentile by Number Answered

Percent of People with Each Score

Your Score History

You have not taken this quiz